00662nam a2200169 a 450000100100000000500170001000800410002704000250006808200160009324500350010926000680014430000200021271001190023204900090035195201150036099900170047500002836420200930031557.0110412s199? dr 000 0 spa d aDO-SdBNPbspacBNPHU axxxxbR337o00aReglas oficiales de badminton. aSanto Domingo :bFederación Dominicana de Badminton,c[199?]. a33 p. ;c22 cm.2 aSecretaría de Estado de Deportes Educación Física y Recreación(SEDEFIR) , Centro de Documentación955333 aBNPD 00107-18PDaPDbPDcOId2011-04-08iLF1l0oxxxx R337op28364-10r2020-06-25w2020-06-25yLFPDZNo se presta c27856d27856